00666nam a2200169 a 4500008004100000020001500041050001800056100002400074245006400098246003600162260004200198300002000240350000900260995008400269999001700353952012600370120416s0000 ||||||||||||||||| || u a0304314528 aLB 2845.7 Pro aBroadfoot, Patricia10aProfiles and records of achievementcedited by P. Broadfoot aa review of issues and practice aLondonbCassell Educational Ltdc1986 ax, 255p. : ill. a0.00 D0.00FCBU-MAIN LIBRARY (Kitwe)H1I0.00UAVAILABLEZAnnex Low-Usage Collection  c54963d54963 00102lcc4070a001b001cAnnex Low-Usage Collection d2022-11-30l0oLB 2845.7 Prop018373r2022-11-30w2022-11-30y002